[Event "Staraya Mayna Sidorov Cup"]
[Site "Staraya Mayna"]
[Date "2018.07.14"]
[Round "8"]
[White "Seyfutdinov, Rustam"]
[Black "Alachihin, Vladimir"]
[Result "0-1"]
[WhiteElo "2000"]
[BlackElo "2283"]
[PlyCount "68"]
[EventDate "2018.07.10"]
[EventType "swiss"]
[EventRounds "9"]
[EventCountry "RUS"]
[SourceTitle "EXT 2019"]
[Source "ChessBase"]
[SourceDate "2018.10.10"]
[SourceVersion "1"]
[SourceVersionDate "2018.10.10"]
[SourceQuality "1"]

1. e4 e5 2. Nf3 Nf6 3. Nc3 d6 4. h3 Be7 5. d4 Nbd7 6. Bc4 0-0 7. Be3 c6 8. dxe5 dxe5 9. a3 Qc7 10. 0-0 Nc5 11. Nd2 Rd8 12. Qe1 b5 13. Ba2 a5 14. f3 Ne6 15. Qf2 Rb8 16. Nb3 Nd7 17. Rfd1 a4 18. Nc1 Ndf8 19. Rxd8 Qxd8 20. Nd3 Ng6 21. Ne2 Qc7 22. Nc5 Nef4 23. Nxf4 Nxf4 24. Kh2 Qd6 25. Re1 h6 26. Bxf4 exf4 27. Nd3 Bg5 28. Qa7 Rb7 29. Qa8 Qb8 30. Qxb8 Rxb8 31. Ne5 Bf6 32. Nxc6 Rb6 33. e5 Bh4 34. Re4 Bg3+ 0-1

[Event "Staraya Mayna Sidorov Cup"]
[Site "Staraya Mayna"]
[Date "2018.07.13"]
[Round "6"]
[White "Seyfutdinov, Rustam"]
[Black "Mityanin, Mikhail"]
[Result "1-0"]
[WhiteElo "2000"]
[BlackElo "1623"]
[PlyCount "71"]
[EventDate "2018.07.10"]
[EventType "swiss"]
[EventRounds "9"]
[EventCountry "RUS"]
[SourceTitle "EXT 2019"]
[Source "ChessBase"]
[SourceDate "2018.10.10"]
[SourceVersion "1"]
[SourceVersionDate "2018.10.10"]
[SourceQuality "1"]

1. f4 Nf6 2. b3 g6 3. Bb2 Bg7 4. Nf3 d6 5. e4 0-0 6. d3 Nbd7 7. Nbd2 b6 8. g3 Bb7 9. Bg2 a5 10. 0-0 e6 11. Qe2 Nc5 12. c4 Rb8 13. e5 Nfd7 14. d4 Na6 15. Ne4 d5 16. Nc3 dxc4 17. bxc4 Re8 18. Rad1 Bf8 19. a3 Qc8 20. h4 c6 21. Ne4 b5 22. c5 Rd8 23. Nd6 Bxd6 24. exd6 a4 25. Ne5 b4 26. Nxd7 Rxd7 27. d5 bxa3 28. Bd4 cxd5 29. Qe5 f6 30. Qxf6 Qf8 31. Qh8+ Kf7 32. Qxh7+ Ke8 33. Qxg6+ Qf7 34. f5 exf5 35. Rfe1+ Kf8 36. Qh6+ 1-0

[Event "Uljanovsk Povolje op"]
[Site "Uljanovsk"]
[Date "2015.09.13"]
[Round "3"]
[White "Saveliev, Dmitri"]
[Black "Seyfutdinov, Rustam"]
[Result "1/2-1/2"]
[WhiteElo "2159"]
[BlackElo "1919"]
[PlyCount "77"]
[EventDate "2015.09.12"]
[EventType "swiss"]
[EventRounds "9"]
[EventCountry "RUS"]
[SourceTitle "EXT 2016"]
[Source "ChessBase"]
[SourceDate "2015.10.08"]
[SourceVersion "1"]
[SourceVersionDate "2015.10.08"]
[SourceQuality "1"]

1. d4 Nf6 2. g3 g6 3. Bg2 Bg7 4. e4 d6 5. Ne2 0-0 6. 0-0 Nbd7 7. c4 c5 8. Nbc3 cxd4 9. Nxd4 Qb6 10. Nc2 Ne5 11. Be3 Qa5 12. b4 Qa6 13. c5 Bg4 14. f3 Be6 15. Rf2 Rfd8 16. Rd2 Nc4 17. Bf1 Nxe3 18. Nxe3 Qa3 19. Rc1 Qxb4 20. cxd6 Rxd6 21. Rxd6 exd6 22. Nb5 Bh6 23. Rc3 a6 24. Nc2 Qb2 25. Qd4 Ne8 26. Nxd6 Rd8 27. Nc4 Bxc4 28. Qxd8 Qxc3 29. Bxc4 Qxc4 30. Qxe8+ Bf8 31. Ne1 Qxa2 32. Ng2 Qe2 33. Nh4 b5 34. Qd8 b4 35. Nf5 Qxf3 36. Ne7+ Kg7 37. Nf5+ Kg8 38. Ne7+ Kg7 39. Nf5+ 1/2-1/2

[Event "Uljanovsk Sidorov Memorial"]
[Site "Uljanovsk"]
[Date "2015.07.12"]
[Round "9"]
[White "Breskanu, Nikita"]
[Black "Seyfutdinov, Rustam"]
[Result "0-1"]
[WhiteElo "1639"]
[BlackElo "1915"]
[PlyCount "90"]
[EventDate "2015.07.07"]
[EventType "swiss"]
[EventRounds "9"]
[EventCountry "RUS"]
[SourceTitle "EXT 2016"]
[Source "ChessBase"]
[SourceDate "2015.10.08"]
[SourceVersion "1"]
[SourceVersionDate "2015.10.08"]
[SourceQuality "1"]

1. c4 Nf6 2. Nc3 b6 3. Nf3 Bb7 4. g3 e6 5. Bg2 Be7 6. 0-0 0-0 7. d4 d6 8. Qc2 Nbd7 9. e4 c5 10. d5 exd5 11. exd5 Ng4 12. b3 Nge5 13. Nxe5 Nxe5 14. Bb2 Bc8 15. Ne2 Bf6 16. Nf4 g6 17. Rae1 a6 18. a4 b5 19. Bxe5 Bxe5 20. Nd3 Bd4 21. b4 Bf5 22. axb5 axb5 23. Qb3 bxc4 24. Qxc4 Ra3 25. Be4 Rc3 26. Qb5 Bh3 27. Bg2 Bd7 28. Qa6 Qb8 29. Nf4 Bb5 30. Qa2 Bxf1 31. Bxf1 Qxb4 32. Rb1 Qa3 33. Qxa3 Rxa3 34. Rb6 Rf3 35. Nh3 Be5 36. Kg2 Ra3 37. f4 Ra2+ 38. Kf3 Bd4 39. Rxd6 Re8 40. Bc4 Rxh2 41. Kg4 h5+ 42. Kh4 Kg7 43. g4 Bf2+ 44. Kg5 Rxh3 45. Be2 Bh4# 0-1

[Event "Uljanovsk Povolje op"]
[Site "Uljanovsk"]
[Date "2014.08.28"]
[Round "4"]
[White "Seyfutdinov, Rustam"]
[Black "Glotov, Sergey"]
[Result "1-0"]
[WhiteElo "1955"]
[BlackElo "1729"]
[PlyCount "103"]
[EventDate "2014.08.26"]
[EventType "swiss"]
[EventRounds "9"]
[EventCountry "RUS"]
[SourceTitle "CBM 162 Extra"]
[Source "ChessBase"]
[SourceDate "2014.10.17"]
[SourceVersion "1"]
[SourceVersionDate "2014.10.17"]
[SourceQuality "1"]

1. d4 b6 2. Bg5 Bb7 3. Nf3 d6 4. e3 f6 5. Bh4 g5 6. Bg3 h5 7. h4 g4 8. Nfd2 Nd7 9. Bd3 Bg7 10. e4 e5 11. d5 Qe7 12. b4 Nh6 13. Qe2 0-0 14. f3 Rae8 15. Bf2 f5 16. Na3 c6 17. dxc6 Bxc6 18. Bc4+ Kh8 19. Nb5 Nf6 20. Nc3 f4 21. 0-0-0 g3 22. Be1 Rd8 23. Ndb1 Qb7 24. b5 Be8 25. Nd5 Bf7 26. Nbc3 Nxd5 27. Bxd5 Bxd5 28. Nxd5 Nf7 29. Nb4 Rfe8 30. Nc6 Rc8 31. Bb4 Rxc6 32. bxc6 Qxc6 33. Qd3 Rc8 34. Rd2 Bf8 35. Qd5 Qxd5 36. Rxd5 a5 37. Ba3 Kg7 38. Kb2 Be7 39. Kb3 Rc6 40. c4 Kg6 41. Rhd1 Kf6 42. Ka4 Ke6 43. Kb5 Kd7 44. c5 bxc5 45. Rxc5 Rxc5+ 46. Bxc5 Kc7 47. Bb6+ Kb7 48. Kxa5 Bd8 49. Bxd8 Nxd8 50. Rxd6 Nc6+ 51. Rxc6 Kxc6 52. Kb4 1-0

[Event "Uljanovsk Povolje op"]
[Site "Uljanovsk"]
[Date "2014.08.28"]
[Round "5"]
[White "Seyfutdinov, Rustam"]
[Black "Saveliev, Dmitri"]
[Result "1/2-1/2"]
[WhiteElo "1955"]
[BlackElo "2102"]
[PlyCount "105"]
[EventDate "2014.08.26"]
[EventType "swiss"]
[EventRounds "9"]
[EventCountry "RUS"]
[SourceTitle "CBM 162 Extra"]
[Source "ChessBase"]
[SourceDate "2014.10.17"]
[SourceVersion "1"]
[SourceVersionDate "2014.10.17"]
[SourceQuality "1"]

1. d4 Nf6 2. Bg5 Ne4 3. Bh4 c5 4. dxc5 Qa5+ 5. c3 Qxc5 6. Nd2 Nxd2 7. Qxd2 Nc6 8. e4 d6 9. f3 Be6 10. Ne2 Ne5 11. Bf2 Qc7 12. Nf4 Bc4 13. Nd5 Qc8 14. Bxc4 Nxc4 15. Qe2 e6 16. Ne3 Nxe3 17. Bxe3 Be7 18. 0-0 0-0 19. Rfd1 Rd8 20. c4 Bf6 21. Rac1 Qc6 22. Rc2 Rd7 23. Rcd2 Rad8 24. Qd3 Qa6 25. b3 Qa3 26. Bd4 Bxd4+ 27. Qxd4 b6 28. Kf1 Kf8 29. Ke2 Qc5 30. Qxc5 bxc5 31. Kd3 a5 32. a3 g5 33. Kc3 Ke7 34. b4 axb4+ 35. axb4 cxb4+ 36. Kxb4 Rb8+ 37. Kc3 Rdb7 38. Rc2 Rb3+ 39. Kd2 Ra8 40. Ke2 Raa3 41. Rcd2 g4 42. fxg4 Re3+ 43. Kf2 Rxe4 44. Rxd6 Rxg4 45. Kg1 Ra2 46. g3 Rxc4 47. Rd7+ Ke8 48. Rd8+ Ke7 49. R8d7+ Kf8 50. Rf1 f5 51. Rxh7 Rcc2 52. Rb1 Kg8 53. Rd7 1/2-1/2

[Event "Uljanovsk Sidorov Memorial"]
[Site "Uljanovsk"]
[Date "2014.07.19"]
[Round "7"]
[White "Elkin, Alexander"]
[Black "Seyfutdinov, Rustam"]
[Result "1-0"]
[WhiteElo "2187"]
[BlackElo "1898"]
[PlyCount "49"]
[EventDate "2014.07.16"]
[EventType "swiss"]
[EventRounds "9"]
[EventCountry "RUS"]
[SourceTitle "CBM 161 Extra"]
[Source "ChessBase"]
[SourceDate "2014.08.29"]
[SourceVersion "1"]
[SourceVersionDate "2014.08.29"]
[SourceQuality "1"]

1. e4 e6 2. Qe2 c5 3. Nf3 Nc6 4. d3 d6 5. g3 g6 6. c3 Bg7 7. h4 Nf6 8. Bg2 Bd7 9. Nbd2 b5 10. 0-0 0-0 11. e5 dxe5 12. Nxe5 Nd5 13. Nxd7 Qxd7 14. Ne4 Qe7 15. Bg5 f6 16. Be3 Nxe3 17. Qxe3 Rac8 18. Nxc5 Ne5 19. d4 Rfe8 20. Rfe1 Nc4 21. Qe2 Rxc5 22. dxc5 Qxc5 23. Rad1 f5 24. Rd5 Qb6 25. Rd7 1-0

[Event "Uljanovsk Sidorov Memorial"]
[Site "Uljanovsk"]
[Date "2014.07.18"]
[Round "6"]
[White "Seyfutdinov, Rustam"]
[Black "Dobrocmyslov, Artem"]
[Result "1/2-1/2"]
[WhiteElo "1898"]
[BlackElo "1942"]
[PlyCount "141"]
[EventDate "2014.07.16"]
[EventType "swiss"]
[EventRounds "9"]
[EventCountry "RUS"]
[SourceTitle "CBM 161 Extra"]
[Source "ChessBase"]
[SourceDate "2014.08.29"]
[SourceVersion "1"]
[SourceVersionDate "2014.08.29"]
[SourceQuality "1"]

1. d4 Nf6 2. c4 e6 3. Nc3 Bb4 4. Nf3 c5 5. Bg5 cxd4 6. Qxd4 Nc6 7. Qd3 h6 8. Bd2 0-0 9. g3 Bc5 10. e3 d5 11. a3 d4 12. exd4 Nxd4 13. Nxd4 Bxd4 14. Be3 e5 15. 0-0-0 Bg4 16. Be2 Bxe3+ 17. Qxe3 Qc7 18. Kb1 Bf5+ 19. Ka1 Rfd8 20. Bf3 Be6 21. Bd5 Bxd5 22. cxd5 a6 23. Rhe1 e4 24. Qd4 Rac8 25. d6 Qc4 26. Nxe4 Qxd4 27. Rxd4 Nxe4 28. Rexe4 Rd7 29. Re7 Rcd8 30. Rxd7 Rxd7 31. Ka2 f6 32. Kb3 Kf7 33. Kc4 Ke6 34. Kc5 f5 35. h4 g5 36. hxg5 hxg5 37. f3 Ke5 38. f4+ gxf4 39. gxf4+ Ke6 40. Kb6 Kf6 41. b4 Ke6 42. Ka7 Kf7 43. Kb8 b5 44. Kc8 Ke6 45. Rd3 Rxd6 46. Rxd6+ Kxd6 47. Kb7 Kd5 48. Kxa6 Ke4 49. Kxb5 Kxf4 50. a4 Ke3 51. a5 f4 52. a6 f3 53. a7 f2 54. a8Q f1Q+ 55. Kb6 Qf6+ 56. Qc6 Qd8+ 57. Ka6 Kf4 58. b5 Qd3 59. Kb7 Kg4 60. b6 Qh7+ 61. Kb8 Kg5 62. b7 Qh2+ 63. Ka7 Qf2+ 64. Qb6 Qa2+ 65. Qa6 Qf7 66. Ka8 Qd5 67. Qa3 Kh5 68. Qh3+ Kg5 69. Qg3+ Kh5 70. Qe1 Qa2+ 71. Kb8 1/2-1/2

[Event "Uljanovsk Povolje op"]
[Site "Uljanovsk"]
[Date "2013.08.26"]
[Round "4"]
[White "Seyfutdinov, Rustam"]
[Black "Murtazin, Bulat"]
[Result "0-1"]
[WhiteElo "1898"]
[BlackElo "2191"]
[PlyCount "92"]
[EventDate "2013.08.24"]
[EventType "swiss"]
[EventRounds "9"]
[EventCountry "RUS"]
[SourceTitle "CBM 156 Extra"]
[Source "ChessBase"]
[SourceDate "2013.10.22"]
[SourceVersion "1"]
[SourceVersionDate "2013.10.22"]
[SourceQuality "1"]

1. Nf3 Nf6 2. g3 d5 3. Bg2 Nc6 4. 0-0 Bg4 5. h3 Bh5 6. d3 e5 7. g4 Bg6 8. Nh4 Qd7 9. Nxg6 hxg6 10. c4 Be7 11. Nc3 d4 12. Nb5 a6 13. Na3 0-0 14. Nc2 Nh7 15. e3 dxe3 16. Nxe3 Rad8 17. Nd5 Bg5 18. Be3 Nb8 19. Qd2 Bxe3 20. Qxe3 c6 21. Nc3 Qxd3 22. Qxe5 Qxc4 23. Rfe1 Nf6 24. Rad1 Rde8 25. Qc7 Rxe1+ 26. Rxe1 Qb4 27. Re2 Nfd7 28. a3 Qb3 29. Rd2 Qe6 30. Re2 Qb3 31. Rd2 Nc5 32. Rd8 Nbd7 33. Rxd7 Nxd7 34. Qxd7 Qxb2 35. Ne4 a5 36. a4 Qa1+ 37. Kh2 Qxa4 38. Qxb7 Qb5 39. Qa7 Qe5+ 40. Kg1 Qa1+ 41. Kh2 a4 42. Qc5 a3 43. Nc3 Qb2 44. Qxc6 Qxf2 45. Qc4 Qc2 46. Qb4 Rc8 0-1

[Event "Uljanovsk Povolje op"]
[Site "Uljanovsk"]
[Date "2013.08.25"]
[Round "2"]
[White "Goncharov, Evgeniy"]
[Black "Seyfutdinov, Rustam"]
[Result "0-1"]
[WhiteElo "1712"]
[BlackElo "1898"]
[PlyCount "80"]
[EventDate "2013.08.24"]
[EventType "swiss"]
[EventRounds "9"]
[EventCountry "RUS"]
[SourceTitle "CBM 156 Extra"]
[Source "ChessBase"]
[SourceDate "2013.10.22"]
[SourceVersion "1"]
[SourceVersionDate "2013.10.22"]
[SourceQuality "1"]

1. d4 Nf6 2. c4 g6 3. Nc3 Bg7 4. e4 d6 5. Be2 0-0 6. Bg5 h6 7. Be3 Nbd7 8. Qd2 Kh7 9. Nf3 e5 10. d5 Ng4 11. Ng5+ hxg5 12. Bxg4 Nb6 13. Be2 Bf6 14. a4 a5 15. 0-0 Be7 16. Nb5 f5 17. exf5 gxf5 18. Bxb6 cxb6 19. Ra3 Bd7 20. Rb3 Kg7 21. Rh3 Rc8 22. Nc3 Rh8 23. Rxh8 Qxh8 24. Qe3 Rc5 25. b3 Bf6 26. Qh3 Qxh3 27. gxh3 e4 28. Nb5 Bxb5 29. axb5 Rc8 30. f4 Bd4+ 31. Kh1 gxf4 32. Rxf4 Kg6 33. Rf1 Rh8 34. Kg2 Kg5 35. Rd1 Be3 36. Ra1 Rg8 37. Kh1 Kh4 38. Re1 Bc5 39. Bd1 Kxh3 40. Bh5 Rg2 0-1

[Event "Dimitrovgrad Teenagers op"]
[Site "Dimitrovgrad"]
[Date "2013.08.20"]
[Round "7"]
[White "Abrashkov, Vadim"]
[Black "Seyfutdinov, Rustam"]
[Result "1/2-1/2"]
[WhiteElo "1527"]
[BlackElo "1898"]
[PlyCount "66"]
[EventDate "2013.08.17"]
[EventType "swiss"]
[EventRounds "7"]
[EventCountry "RUS"]
[SourceTitle "EXT 2022"]
[Source "ChessBase"]
[SourceDate "2021.10.06"]
[SourceVersion "1"]
[SourceVersionDate "2021.10.06"]
[SourceQuality "1"]

1. d4 Nf6 2. c4 g6 3. Nc3 Bg7 4. e3 0-0 5. g3 d6 6. Bg2 Nbd7 7. Nge2 e5 8. b3 Re8 9. Qc2 Nh5 10. 0-0 f5 11. Bb2 Rb8 12. f4 exf4 13. exf4 b6 14. d5 a5 15. Nb5 Nc5 16. Bxg7 Kxg7 17. Ned4 Bd7 18. Na7 Ra8 19. Nac6 Bxc6 20. Nxc6 Qd7 21. Rfe1 Nf6 22. Re2 Rxe2 23. Qxe2 Re8 24. Qd2 Nce4 25. Qd4 Kf7 26. Re1 Nxg3 27. Rxe8 Qxe8 28. hxg3 Qe1+ 29. Kh2 Ng4+ 30. Kh3 Nf2+ 31. Kh2 Ng4+ 32. Kh3 Nf2+ 33. Kh2 Ng4+ 1/2-1/2

[Event "Uljanovsk Sidorov Memorial"]
[Site "Uljanovsk"]
[Date "2013.07.13"]
[Round "8"]
[White "Seyfutdinov, Rustam"]
[Black "Nikitin, Dmitry"]
[Result "0-1"]
[WhiteElo "1892"]
[BlackElo "1783"]
[PlyCount "98"]
[EventDate "2013.07.11"]
[EventType "swiss"]
[EventRounds "9"]
[EventCountry "RUS"]
[SourceTitle "EXT 2014"]
[Source "ChessBase"]
[SourceDate "2013.11.20"]
[SourceVersion "1"]
[SourceVersionDate "2013.11.20"]
[SourceQuality "1"]

1. Nf3 Nf6 2. g3 g6 3. Bg2 Bg7 4. 0-0 0-0 5. d3 d6 6. c4 e6 7. Nc3 c5 8. Rb1 Nc6 9. a3 a5 10. b3 Rb8 11. Nd2 Ne7 12. Bb2 b6 13. Qc2 Nf5 14. e3 d5 15. Ne2 Bb7 16. Be5 d4 17. e4 Nd6 18. b4 Re8 19. h3 Nfxe4 20. bxc5 Nxd2 21. Bxd6 Nxb1 22. Bxb8 Nxa3 23. Qb3 Bxg2 24. Kxg2 Qxb8 25. Qxa3 Qb7+ 26. f3 bxc5 27. Qxc5 a4 28. Kf2 Qb2 29. Qb5 Rb8 30. Qxb2 Rxb2 31. Ra1 Rb4 32. f4 Kf8 33. Kf3 Ke7 34. g4 f5 35. gxf5 exf5 36. Kf2 Kd6 37. Ke1 Kc5 38. Kd1 Kb6 39. Kc2 Ka5 40. Ra3 h6 41. h4 Bf6 42. h5 gxh5 43. Ng3 h4 44. Nxf5 h3 45. Nd6 Rb1 46. Kxb1 h2 47. Ra1 h1Q+ 48. Ka2 Qg2+ 49. Ka3 Qc2 0-1

[Event "Uljanovsk Sidorov Memorial"]
[Site "Uljanovsk"]
[Date "2013.07.13"]
[Round "7"]
[White "Seyfutdinov, Rustam"]
[Black "Usachev, Andrey"]
[Result "1/2-1/2"]
[WhiteElo "1892"]
[BlackElo "1889"]
[PlyCount "58"]
[EventDate "2013.07.11"]
[EventType "swiss"]
[EventRounds "9"]
[EventCountry "RUS"]
[SourceTitle "EXT 2014"]
[Source "ChessBase"]
[SourceDate "2013.11.20"]
[SourceVersion "1"]
[SourceVersionDate "2013.11.20"]
[SourceQuality "1"]

1. e4 e6 2. Nf3 c5 3. d3 Nc6 4. g3 d5 5. Nbd2 Nf6 6. Bg2 Be7 7. 0-0 0-0 8. Ne1 e5 9. h3 dxe4 10. dxe4 b6 11. b3 Be6 12. Bb2 Qd7 13. Nc4 Bxc4 14. bxc4 Qe6 15. Qe2 Na5 16. Nf3 Nd7 17. Nd2 f6 18. Bf3 Rad8 19. Bg4 Qf7 20. f4 exf4 21. gxf4 Kh8 22. Kh1 Qg6 23. Bc3 Nc6 24. Be6 Nd4 25. Bxd4 cxd4 26. Nb3 Nc5 27. Bd5 Qh6 28. Qf3 Nxb3 29. cxb3 Bc5 1/2-1/2

[Event "Dimitrovgrad Summer op"]
[Site "Dimitrovgrad"]
[Date "2013.06.22"]
[Round "1"]
[White "Pirogov, Vyatchslav"]
[Black "Seyfutdinov, Rustam"]
[Result "1-0"]
[WhiteElo "2352"]
[BlackElo "1892"]
[PlyCount "81"]
[EventDate "2013.06.22"]
[EventType "swiss"]
[EventRounds "9"]
[EventCountry "RUS"]
[SourceTitle "EXT 2014"]
[Source "ChessBase"]
[SourceDate "2013.11.20"]
[SourceVersion "1"]
[SourceVersionDate "2013.11.20"]
[SourceQuality "1"]

1. d4 Nf6 2. c4 g6 3. Nc3 Bg7 4. e4 d6 5. Nf3 0-0 6. Be2 Nbd7 7. 0-0 e5 8. d5 a5 9. Qc2 Nc5 10. b3 Ne8 11. Ba3 f5 12. Nd2 Bh6 13. Bf3 Bxd2 14. Qxd2 f4 15. Bxc5 dxc5 16. Na4 b6 17. Qc3 Qe7 18. Nb2 g5 19. Nd3 g4 20. Bd1 Nf6 21. Qxe5 Qxe5 22. Nxe5 Re8 23. Nd3 Rxe4 24. f3 Rd4 25. Ne5 g3 26. Bc2 Ba6 27. Bf5 Kg7 28. Rfd1 Rxd1+ 29. Rxd1 Nh5 30. Bg4 gxh2+ 31. Kxh2 Nf6 32. d6 Nxg4+ 33. fxg4 Rd8 34. d7 Bb7 35. g5 h6 36. gxh6+ Kf6 37. Ng4+ Kg5 38. Kg1 Be4 39. Ne5 Kf6 40. h7 Kg7 41. h8Q+ 1-0

[Event "Dimitrovgrad Teenagers op"]
[Site "Dimitrovgrad"]
[Date "2012.08.19"]
[Round "7"]
[White "Seyfutdinov, Rustam"]
[Black "Turaev, Rahmon"]
[Result "1-0"]
[WhiteElo "1899"]
[BlackElo "1489"]
[PlyCount "61"]
[EventDate "2012.08.16"]
[EventType "swiss"]
[EventRounds "7"]
[EventCountry "RUS"]
[SourceTitle "EXT 2022"]
[Source "ChessBase"]
[SourceDate "2021.10.06"]
[SourceVersion "1"]
[SourceVersionDate "2021.10.06"]
[SourceQuality "1"]

1. e4 e6 2. Nf3 b6 3. d4 Bb7 4. Bd3 g6 5. c3 Ne7 6. Bg5 Bg7 7. 0-0 f6 8. Bh4 d6 9. Nbd2 Nd7 10. Ne1 Nb8 11. f4 Qd7 12. f5 exf5 13. exf5 g5 14. Qh5+ Kd8 15. Bg3 Ba6 16. Bxa6 Nxa6 17. Qf3 c6 18. Ne4 d5 19. Nd2 h5 20. h3 Bf8 21. Nd3 Nc7 22. Rae1 Bg7 23. b4 h4 24. Bh2 Ne8 25. Re6 Nc8 26. b5 Ned6 27. bxc6 Qxc6 28. Nb4 Qd7 29. Qxd5 Rb8 30. Bxd6 Rb7 31. Nc6+ 1-0

[Event "Dimitrovgrad Teenagers op"]
[Site "Dimitrovgrad"]
[Date "2012.08.18"]
[Round "5"]
[White "Seyfutdinov, Rustam"]
[Black "Aliyev, Timur"]
[Result "1-0"]
[WhiteElo "1899"]
[BlackElo "1745"]
[PlyCount "41"]
[EventDate "2012.08.16"]
[EventType "swiss"]
[EventRounds "7"]
[EventCountry "RUS"]
[SourceTitle "EXT 2022"]
[Source "ChessBase"]
[SourceDate "2021.10.06"]
[SourceVersion "1"]
[SourceVersionDate "2021.10.06"]
[SourceQuality "1"]

1. d4 c5 2. d5 d6 3. c4 e5 4. Nc3 g6 5. e4 Bg7 6. Bd3 Ne7 7. Nge2 f5 8. f4 exf4 9. Bxf4 a6 10. 0-0 0-0 11. Qd2 fxe4 12. Nxe4 Nf5 13. N2g3 Bd4+ 14. Kh1 Qb6 15. Rab1 Nxg3+ 16. Bxg3 Nd7 17. Bxd6 Nf6 18. Bxf8 Kxf8 19. Nxf6 Bxf6 20. Qh6+ Kg8 21. Bxg6 1-0

[Event "Uljanovsk Sidorov op"]
[Site "Uljanovsk"]
[Date "2012.07.14"]
[Round "7.1"]
[White "Pegov, Valery"]
[Black "Seyfutdinov, Rustam"]
[Result "0-1"]
[WhiteElo "1587"]
[BlackElo "1885"]
[PlyCount "57"]
[EventDate "2012.07.12"]
[EventType "swiss"]
[EventRounds "9"]
[EventCountry "RUS"]
[SourceTitle "EXT 2022"]
[Source "ChessBase"]
[SourceDate "2021.10.06"]
[SourceVersion "1"]
[SourceVersionDate "2021.10.06"]
[SourceQuality "1"]

1. e4 e6 2. d4 d5 3. exd5 exd5 4. Nf3 Nf6 5. c3 Bd6 6. Bg5 0-0 7. Ne5 c6 8. Bd3 Nbd7 9. f4 Qc7 10. Qf3 Ne4 11. Bh4 f6 12. Nxd7 Bxd7 13. 0-0 g5 14. Bg3 g4 15. Qd1 f5 16. Nd2 h5 17. c4 h4 18. c5 hxg3 19. cxd6 gxh2+ 20. Kxh2 Qxd6 21. Bxe4 fxe4 22. g3 Qh6+ 23. Kg1 Qh3 24. Qb3 Kg7 25. Kf2 e3+ 26. Qxe3 Qh2+ 27. Ke1 Rae8 28. Qe5+ Rxe5+ 29. dxe5 0-1

[Event "Uljanovsk Sidorov op"]
[Site "Uljanovsk"]
[Date "2012.07.13"]
[Round "5.4"]
[White "Mikeev, Valery"]
[Black "Seyfutdinov, Rustam"]
[Result "0-1"]
[WhiteElo "1856"]
[BlackElo "1885"]
[PlyCount "68"]
[EventDate "2012.07.12"]
[EventType "swiss"]
[EventRounds "9"]
[EventCountry "RUS"]
[SourceTitle "EXT 2022"]
[Source "ChessBase"]
[SourceDate "2021.10.06"]
[SourceVersion "1"]
[SourceVersionDate "2021.10.06"]
[SourceQuality "1"]

1. e4 e6 2. d4 d5 3. Nd2 Nf6 4. e5 Nfd7 5. Bd3 c5 6. c3 Nc6 7. Ndf3 Qb6 8. Ne2 cxd4 9. cxd4 Be7 10. a3 0-0 11. b4 f5 12. Be3 Qd8 13. Nf4 Nb6 14. h4 a6 15. Rh3 Re8 16. Rc1 Bd7 17. h5 Na7 18. Rg3 h6 19. Ng6 Kh7 20. Ke2 Bb5 21. Nxe7 Qxe7 22. Rg6 Bxd3+ 23. Qxd3 Nc4 24. g4 Nxe3 25. fxe3 Qf7 26. g5 Rac8 27. gxh6 gxh6 28. Rxc8 Rxc8 29. Rf6 Qxh5 30. Rxe6 Nb5 31. Kf2 Nc3 32. Nd2 Nd1+ 33. Ke1 Rc1 34. Qe2 Nc3+ 0-1

[Event "Ulstudents-ch op"]
[Site "Russia"]
[Date "2012.04.08"]
[Round "9"]
[White "Kalinkin, Nikolay"]
[Black "Seyfutdinov, Rustam"]
[Result "1/2-1/2"]
[WhiteElo "1716"]
[BlackElo "1844"]
[PlyCount "59"]
[EventDate "2012.03.24"]
[EventType "swiss"]
[EventRounds "9"]
[EventCountry "RUS"]
[SourceTitle "EXT 2014"]
[Source "ChessBase"]
[SourceDate "2013.11.20"]
[SourceVersion "1"]
[SourceVersionDate "2013.11.20"]
[SourceQuality "1"]

1. d4 Nf6 2. c4 g6 3. Nc3 Bg7 4. Nf3 0-0 5. e3 d6 6. Bd3 Nbd7 7. Ne4 Nxe4 8. Bxe4 c6 9. 0-0 e5 10. d5 c5 11. Rb1 f5 12. Bc2 g5 13. Kh1 g4 14. Ng1 h5 15. f3 Nb6 16. b3 Qg5 17. Ne2 Qe7 18. Ng3 h4 19. Ne2 Bd7 20. Bd2 Rf6 21. f4 Raf8 22. Qe1 Qf7 23. Qxh4 Rh6 24. Qf2 e4 25. g3 Qh5 26. Rg1 Kf7 27. Rg2 Rfh8 28. a4 Bc8 29. a5 Nd7 30. b4 1/2-1/2

[Event "Ulstudents-ch op"]
[Site "Russia"]
[Date "2012.03.25"]
[Round "2"]
[White "Seyfutdinov, Rustam"]
[Black "Beldyugin, Alexey"]
[Result "1-0"]
[WhiteElo "1844"]
[BlackElo "2047"]
[PlyCount "63"]
[EventDate "2012.03.24"]
[EventType "swiss"]
[EventRounds "9"]
[EventCountry "RUS"]
[SourceTitle "EXT 2014"]
[Source "ChessBase"]
[SourceDate "2013.11.20"]
[SourceVersion "1"]
[SourceVersionDate "2013.11.20"]
[SourceQuality "1"]

1. d4 f5 2. Nf3 g6 3. b3 Nf6 4. Bb2 Bg7 5. e3 0-0 6. Bd3 b6 7. 0-0 Bb7 8. c4 Ne4 9. Nbd2 Nxd2 10. Nxd2 c5 11. f4 Nc6 12. Nf3 Qc7 13. Qd2 d6 14. d5 Bxb2 15. dxc6 Bxc6 16. Qxb2 Rfe8 17. Rad1 e5 18. Be2 exf4 19. exf4 Qe7 20. Rf2 Rad8 21. h3 b5 22. cxb5 Bb7 23. b4 Qe4 24. bxc5 Qxf4 25. c6 Bc8 26. Qd4 Re4 27. Bc4+ d5 28. Bxd5+ Rxd5 29. Qxd5+ Be6 30. Qd8+ Kg7 31. c7 Bc4 32. Qd7+ 1-0